[Event "Monte Carlo MNC"]
[Site "?"]
[Date "2006.03.25"]
[Round "7"]
[White "Anand Viswanathan"]
[Black "Ivanchuk Vassily"]
[Result "1/2-1/2"]
[WhiteElo "2792"]
[BlackElo "2729"]
[PlyCount "47"]
[EventDate "2006.??.??"]
[Source "www.chesslib.no"]
[SourceDate "2004.05.04"]

1. e4 e5 2. Nf3 Nf6 3. Nxe5 d6 4. Nf3 Nxe4 5. Nc3 Nxc3 6. dxc3 Be7 7. Bf4 O-O 8. Qd2 Nd7 9. O-O-O Nc5 10. h4 Bf6 11. Be3 Bg4 12. Bc4 Qc8 13. Bxc5 dxc5 14. Qf4 c6 15. Bd3 Bxf3 16. Qxf3 Re8 17. Bf5 Qb8 18. Rd7 Rd8 19. Rhd1 Qe5 20. Qe4 Qxe4 21. Bxe4 Rab8 22. g3 g6 23. a4 Kf8 24. Rxd8+ 1/2-1/2

[Event "Mondiale 2007"]
[Site "Città del Messico MES"]
[Date "2007.09.21"]
[Round "8"]
[White "Svidler, Peter"]
[Black "Kramnik, Vladimir"]
[Result "1/2-1/2"]
[WhiteElo "2735"]
[BlackElo "2769"]
[PlyCount "58"]
[EventDate "2007.09.13"]
[Source "www.chesslib.no"]
[SourceDate "2004.05.04"]

1. e4 e5 2. Nf3 Nf6 3. Nxe5 d6 4. Nf3 Nxe4 5. Nc3 Nxc3 6. dxc3 Be7 7. Bf4 O-O 8. Qd2 Nd7 9. O-O-O Nc5 10. Be3 Re8 11. Bc4 Be6 12. Bxe6 Nxe6 13. h4 Qd7 14. Qd5 Qc6 15. Qf5 Qc4 16. Kb1 g6 17. Qh3 h5 18. Nd2 Qe2 19. Rde1 Qg4 20. Qh2 d5 21. f3 Qa4 22. g4 Bd6 23. Qf2 Ng7 24. c4 dxc4 25. Bd4 Qc6 26. Bc3 Bc5 27. Qg3 Bd6 28. Qf2 Bc5 29. Qg3 Bd6 1/2-1/2

[Event "Mondiale 2007"]
[Site "Città del Messico MES"]
[Date "2007.09.15"]
[Round "3"]
[White "Leko, Peter"]
[Black "Gelfand, Boris"]
[Result "1/2-1/2"]
[WhiteElo "2751"]
[BlackElo "2733"]
[PlyCount "200"]
[EventDate "2007.09.13"]
[Source "www.chesslib.no"]
[SourceDate "2004.05.04"]

1. e4 e5 2. Nf3 Nf6 3. Nxe5 d6 4. Nf3 Nxe4 5. Nc3 Nxc3 6. dxc3 Be7 7. Be3 Nd7 8. Qd2 Ne5 9. O-O-O O-O 10. h3 Nxf3 11. gxf3 Bf5 12. h4 Re8 13. h5 Bf6 14. Rg1 Qe7 15. Kb1 d5 16. Bd3 Bxd3 17. Qxd3 Rad8 18. Rg4 Kh8 19. a3 b6 20. Rdg1 h6 21. Qd2 Kh7 22. Bd4 Rg8 23. Re1 Qd6 24. Bxf6 gxf6 25. Qd3+ Kh8 26. Qa6 Rxg4 27. fxg4 Qc6 28. Re7 Qd6 29. Re3 Qc6 30. Qd3 Kg7 31. Re7 Kf8 32. Re1 Kg7 33. f4 Qd6 34. Qf3 c5 35. Qf2 d4 36. Rd1 Qe6 37. Re1 Qd5 38. Rd1 Qe6 39. Qg1 Qe4 40. g5 fxg5 41. fxg5 d3 42. cxd3 Rxd3 43. Rxd3 Qxd3+ 44. Ka1 Qf5 45. g6 fxg6 46. hxg6 h5 47. Qg3 Qf1+ 48. Ka2 Qc4+ 49. Ka1 Qf1+ 50. Ka2 Qc4+ 51. Ka1 Qg4 52. Qc7+ Kxg6 53. Qxa7 Qd1+ 54. Ka2 Qd5+ 55. Ka1 Qd1+ 56. Ka2 Qd6 57. Qa8 Qe6+ 58. Ka1 Qe1+ 59. Ka2 Qe6+ 60. Ka1 h4 61. Qg2+ Kh5 62. Qf3+ Kg5 63. Qg2+ Kh5 64. Qf3+ Kg5 65. Qg2+ Qg4 66. Qd2+ Kf5 67. Qd5+ Kf4 68. Qd6+ Kf3 69. Qf6+ Kg2 70. Qc6+ Qf3 71. Qg6+ Kf1 72. Qxb6 h3 73. Qd6 Qf2 74. Qd3+ Kg2 75. Qd5+ Kg1 76. Ka2 Qf4 77. Qxc5+ Kf1 78. Qb5+ Ke1 79. Qd5 h2 80. c4 Qh4 81. Qe5+ Kd1 82. Qd5+ Ke2 83. Qe5+ Kd1 84. Qd5+ Kc1 85. Qh1+ Kd2 86. Qd5+ Ke3 87. Qe5+ Kf3 88. Qf5+ Qf4 89. Qd3+ Kf2 90. Qd5 Kg1 91. Qg8+ Kf2 92. Qd5 Qf3 93. Qd2+ Kg1 94. Qg5+ Kf1 95. Qc1+ Kf2 96. Qd2+ Kg3 97. Qg5+ Kh3 98. Qh6+ Kg3 99. Qg5+ Qg4 100. Qd5 Qf3 1/2-1/2

[Event "ch-RUS Superfinal"]
[Site "Moscow RUS"]
[Date "2005.12.19"]
[Round "1"]
[White "Svidler, P."]
[Black "Kramnik, V."]
[Result "1-0"]
[WhiteElo "2740"]
[BlackElo "2739"]
[PlyCount "95"]
[EventDate "2005.??.??"]
[Source "www.chesslib.no"]
[SourceDate "2004.05.04"]

1. e4 e5 2. Nf3 Nf6 3. Nxe5 d6 4. Nf3 Nxe4 5. Nc3 Nxc3 6. dxc3 Be7 7. Be3 O-O 8. Qd2 Nc6 9. O-O-O Ne5 10. h4 Re8 11. h5 Bf6 12. Kb1 a6 13. Nh2 b5 14. Be2 Bb7 15. f4 Nd7 16. Bf3 Bxf3 17. gxf3 Qe7 18. Ng4 Qe6 19. Rdg1 Kh8 20. h6 g6 21. Re1 Qf5 22. Bd4 Bxd4 23. Qxd4+ f6 24. a3 Re6 25. Ne3 Qc5 26. Nd5 Rae8 27. Rxe6 Rxe6 28. Qxc5 dxc5 29. Nxc7 Rc6 30. Ne8 Kg8 31. Rd1 Nf8 32. Nd6 f5 33. a4 Ne6 34. axb5 axb5 35. Nxb5 Nxf4 36. Rd8+ Kf7 37. Rd7+ Kf6 38. Rxh7 Kg5 39. b3 Ne6 40. Kb2 Kh5 41. Rc7 Rb6 42. h7 Rb8 43. Re7 Ng5 44. f4 Nh3 45. Nc7 Rh8 46. Nd5 g5 47. fxg5 Nxg5 48. Re5 1-0

[Event "Mondiale 2007"]
[Site "Città del Messico MES"]
[Date "2007.09.16"]
[Round "4"]
[White "Svidler, Peter"]
[Black "Gelfand, Boris"]
[Result "1/2-1/2"]
[WhiteElo "2735"]
[BlackElo "2733"]
[PlyCount "48"]
[EventDate "2007.09.13"]
[Source "www.chesslib.no"]
[SourceDate "2004.05.04"]

1. e4 e5 2. Nf3 Nf6 3. Nxe5 d6 4. Nf3 Nxe4 5. Nc3 Nxc3 6. dxc3 Be7 7. Bf4 O-O 8. Qd2 Nd7 9. O-O-O Nc5 10. Be3 Re8 11. Bc4 Be6 12. Bxe6 Nxe6 13. h4 Qd7 14. Qd5 Qc6 15. Qf5 Nf8 16. h5 Qd7 17. Qd5 Qe6 18. c4 Qxd5 19. cxd5 Nd7 20. Nd4 Nf6 21. Nf5 Bf8 22. Bd4 Nxd5 23. Bxg7 Ne7 24. Nxe7+ Rxe7 1/2-1/2

[Event "RUS"]
[Site "?"]
[Date "2006.04.24"]
[Round "5"]
[White "Rublevsky Sergei"]
[Black "Shirov Alexei"]
[Result "0-1"]
[WhiteElo "2687"]
[BlackElo "2699"]
[PlyCount "53"]
[EventDate "2006.??.??"]
[Source "www.chesslib.no"]
[SourceDate "2004.05.04"]

1. e4 e5 2. Nf3 Nf6 3. Nxe5 d6 4. Nf3 Nxe4 5. Nc3 Nxc3 6. dxc3 Be7 7. Bf4 O-O 8. Qd2 Nd7 9. O-O-O Nc5 10. h4 Bf6 11. Ng5 h6 12. f3 Rb8 13. g4 b5 14. Bd3 Re8 15. Bh7+ Kf8 16. Nh3 b4 17. cxb4 a5 18. g5 Bxh3 19. gxf6 Qxf6 20. c3 axb4 21. cxb4 Na6 22. a3 Bf5 23. Bxf5 Qxf5 24. Rhg1 Nxb4 25. axb4 Ra8 26. b3 Ra1+ 27. Kb2 0-1

[Event "Tch (Men) 2005/2006 FRA"]
[Site "?"]
[Date "2006.03.31"]
[Round "5"]
[White "Naiditsch Arkadij"]
[Black "Bacrot Etienne"]
[Result "1/2-1/2"]
[WhiteElo "2657"]
[BlackElo "2717"]
[PlyCount "93"]
[EventDate "2006.??.??"]
[Source "www.chesslib.no"]
[SourceDate "2004.05.04"]

1. e4 e5 2. Nf3 Nf6 3. Nxe5 d6 4. Nf3 Nxe4 5. Nc3 Nxc3 6. dxc3 Be7 7. Bf4 O-O 8. Qd2 Nd7 9. O-O-O Nc5 10. Be3 Re8 11. Bc4 Be6 12. Bxe6 Nxe6 13. h4 Qd7 14. Qd3 Qc6 15. Qf5 Nf8 16. Nd4 Qc4 17. Kb1 Bf6 18. Qf3 Nd7 19. g4 Bxd4 20. Rxd4 Qc6 21. Qxc6 bxc6 22. g5 c5 23. Rf4 Re5 24. Kc1 Nb6 25. Re1 Rae8 26. Kd1 R8e6 27. Bd2 f6 28. Rg1 Kf7 29. h5 c4 30. g6+ hxg6 31. hxg6+ Kg8 32. Be3 Nd5 33. Rh4 Nxe3+ 34. fxe3 Re4 35. Rgh1 Rxh4 36. Rxh4 d5 37. Rd4 c6 38. Ke2 f5 39. b3 Rxg6 40. bxc4 dxc4 41. Rxc4 Re6 42. Kf3 Kf7 43. Ra4 Re7 44. Rc4 Rc7 45. e4 fxe4+ 46. Kxe4 Kf6 47. Rc5 1/2-1/2

[Event "Moscow RUS"]
[Site "?"]
[Date "2005.02.20"]
[Round "6"]
[White "Kobalia Mikhail"]
[Black "Ivanchuk Vassily"]
[Result "1/2-1/2"]
[WhiteElo "2634"]
[BlackElo "2711"]
[PlyCount "95"]
[EventDate "2005.??.??"]
[Source "www.chesslib.no"]
[SourceDate "2004.05.04"]

1. e4 e5 2. Nf3 Nf6 3. Nxe5 d6 4. Nf3 Nxe4 5. Nc3 Nxc3 6. dxc3 Be7 7. Bf4 Nc6 8. Qd2 O-O 9. O-O-O Bf5 10. h3 Bf6 11. Rg1 Ne5 12. Be2 Be6 13. Kb1 Nc4 14. Qc1 Nb6 15. Ng5 Bf5 16. g4 Bg6 17. h4 Re8 18. Be3 Qe7 19. Rge1 Bxg5 20. hxg5 c6 21. c4 d5 22. Bxb6 axb6 23. cxd5 cxd5 24. Bd3 Qc5 25. Bxg6 hxg6 26. Rxe8+ Rxe8 27. Qf4 Qc4 28. Qxc4 dxc4 29. a4 Re5 30. Rd7 b5 31. a5 b4 32. Rxb7 b3 33. cxb3 cxb3 34. Rxb3 Rxa5 35. f4 Ra4 36. Rf3 Kf8 37. b3 Re4 38. Kb2 Ke7 39. Ka3 Kd6 40. b4 Kc6 41. Ka4 Kb6 42. Rf1 Rc4 43. f5 gxf5 44. gxf5 Rg4 45. f6 Rxg5 46. fxg7 Rxg7 47. Rf6+ Kb7 48. Ka5 1/2-1/2

[Event "ch-Euro Blitz"]
[Site "Ajaccio FRA"]
[Date "2007.10.25"]
[Round "15"]
[White "Fressinet, L."]
[Black "Landa, K."]
[Result "1-0"]
[WhiteElo "2654"]
[BlackElo "2678"]
[PlyCount "73"]
[EventDate "2007.10.25"]
[Source "www.chesslib.no"]
[SourceDate "2004.05.04"]

1. e4 e5 2. Nf3 Nf6 3. Nxe5 d6 4. Nf3 Nxe4 5. Nc3 Nxc3 6. dxc3 Be7 7. Bf4 Nd7 8. Qd2 O-O 9. O-O-O Nc5 10. Be3 Re8 11. Bc4 Be6 12. Bxe6 Nxe6 13. h4 Qd7 14. Qd5 Qc6 15. Qf5 g6 16. Qh3 h5 17. Kb1 Qe4 18. Nd2 Qg4 19. Qh2 Bf6 20. f3 Qa4 21. g4 Ng7 22. Ne4 Be5 23. Bf4 Qb5 24. g5 Re6 25. Bxe5 Qxe5 26. Nf6+ Kh8 27. Qf2 Qf5 28. Rhe1 Rd8 29. Qxa7 Qxf3 30. Rf1 Qg2 31. Nd5 Re2 32. Nf4 Qe4 33. Nxe2 Qxe2 34. Rde1 Qg2 35. Rxf7 Nf5 36. Qd4+ Kg8 37. Qf6 1-0

[Event "RUS"]
[Site "?"]
[Date "2006.04.22"]
[Round "3"]
[White "Volokitin Andrei"]
[Black "Eljanov Pavel"]
[Result "1/2-1/2"]
[WhiteElo "2660"]
[BlackElo "2665"]
[PlyCount "86"]
[EventDate "2006.??.??"]
[Source "www.chesslib.no"]
[SourceDate "2004.05.04"]

1. e4 e5 2. Nf3 Nf6 3. Nxe5 d6 4. Nf3 Nxe4 5. Nc3 Nxc3 6. dxc3 Be7 7. Be3 Nc6 8. Qd5 Be6 9. Qb5 Qc8 10. O-O-O a6 11. Qa4 Qd7 12. h4 Ne5 13. Qf4 Nxf3 14. Qxf3 Qc6 15. Qg3 Bf6 16. Bg5 O-O-O 17. Bxf6 gxf6 18. Qf4 f5 19. Qd4 Rhg8 20. f3 Qc5 21. a3 Qe5 22. Qa7 c6 23. h5 Qc5 24. Qxc5 dxc5 25. h6 Rxd1+ 26. Kxd1 Kd7 27. Kd2 Kd6 28. Ke3 Ke5 29. Rh5 c4 30. g4 Kf6 31. gxf5 Bd5 32. Rh4 b5 33. a4 Re8+ 34. Kf2 Kg5 35. Rd4 Kxh6 36. axb5 axb5 37. b3 Re5 38. bxc4 bxc4 39. Rh4+ Kg7 40. Bxc4 Rxf5 41. Be2 h6 42. f4 Rf6 43. Bd3 Rd6 1/2-1/2

[Event "XXIV ECC"]
[Site "Kallithea GRE"]
[Date "2008.10.23"]
[Round "7"]
[White "Efimenko, Z."]
[Black "Sakaev, K."]
[Result "1/2-1/2"]
[WhiteElo "2680"]
[BlackElo "2640"]
[PlyCount "97"]
[EventDate "2008.10.17"]
[Source "www.chesslib.no"]
[SourceDate "2004.05.04"]

1. e4 e5 2. Nf3 Nf6 3. Nxe5 d6 4. Nf3 Nxe4 5. Nc3 Nxc3 6. dxc3 Be7 7. Bf4 Nc6 8. Qd2 Be6 9. O-O-O Qd7 10. Kb1 O-O-O 11. Ng5 Bxg5 12. Bxg5 f6 13. Be3 Rhe8 14. b3 Kb8 15. f3 Re7 16. Bf2 Rde8 17. Re1 h5 18. Be2 Bf7 19. f4 Qf5 20. Bd3 Rxe1+ 21. Rxe1 Rxe1+ 22. Bxe1 Qe6 23. Qf2 b6 24. c4 Ne7 25. Bc3 Be8 26. Qg3 Qf7 27. Kb2 Bd7 28. h3 Bf5 29. Bf1 Bd7 30. Be2 Bc6 31. Bd3 Bd7 32. Qe3 Bc6 33. Qe2 Bd7 34. Qe3 Bc6 35. g4 hxg4 36. hxg4 Bd7 37. Qh3 Kb7 38. Qh1+ Kb8 39. g5 fxg5 40. fxg5 g6 41. Be4 Qe8 42. Bf6 Nc6 43. Qh8 Qxh8 44. Bxh8 Ne7 45. Bf6 Nf5 46. Kc3 c5 47. Kd3 Kc7 48. Bd5 Ng3 49. Ke3 1/2-1/2

[Event "Petrosian mem"]
[Site "Stepanakert"]
[Date "2004.03.09"]
[Round "1"]
[White "Kobalija, Mihail"]
[Black "Macieja, Bartlomiej"]
[Result "1/2-1/2"]
[WhiteElo "2643"]
[BlackElo "2653"]
[PlyCount "95"]
[EventDate "2004.03.09"]
[Source "ChessBase"]
[SourceDate "2004.06.01"]

1. e4 e5 2. Nf3 Nf6 3. Nxe5 d6 4. Nf3 Nxe4 5. Nc3 Nxc3 6. dxc3 Be7 7. Bf4 Nc6 8. Qd2 Bg4 9. Be2 Qd7 10. O-O-O a6 11. h3 Be6 12. Ng5 Bxg5 13. Bxg5 O-O 14. Kb1 Rae8 15. Rde1 Ne7 16. Qd4 Nc6 17. Qh4 Bf5 18. g4 Bg6 19. Qg3 d5 20. Bd3 Bxd3 21. Qxd3 Ne5 22. Qg3 Nc4 23. Bf4 Rxe1+ 24. Rxe1 Re8 25. f3 Rxe1+ 26. Qxe1 h6 27. b3 Nd6 28. Kb2 f6 29. Qe3 Kf7 30. Qc5 Ne8 31. a4 c6 32. Qb6 g5 33. Bg3 Ng7 34. f4 Ne6 35. fxg5 hxg5 36. Qf2 Kg7 37. Qe3 c5 38. h4 d4 39. Qe4 gxh4 40. Bxh4 dxc3+ 41. Kxc3 b5 42. axb5 axb5 43. Kb2 Qd4+ 44. Qxd4 Nxd4 45. Kc3 Kg6 46. b4 Nc6 47. bxc5 f5 48. gxf5+ 1/2-1/2

[Event "RUS"]
[Site "?"]
[Date "2006.04.20"]
[Round "1"]
[White "Efimenko Zahar"]
[Black "Khalifman Alexander"]
[Result "1-0"]
[WhiteElo "2648"]
[BlackElo "2640"]
[PlyCount "95"]
[EventDate "2006.??.??"]
[Source "www.chesslib.no"]
[SourceDate "2004.05.04"]

1. e4 e5 2. Nf3 Nf6 3. Nxe5 d6 4. Nf3 Nxe4 5. Nc3 Nxc3 6. dxc3 Be7 7. Bf4 O-O 8. Qd2 Nd7 9. O-O-O Nc5 10. h4 c6 11. Bxd6 Bxd6 12. Qxd6 Qxd6 13. Rxd6 Ne4 14. Rd4 Nxf2 15. Rg1 Ng4 16. a4 Be6 17. Ng5 Bf5 18. Bd3 Bxd3 19. cxd3 Nf6 20. Re1 Rfe8 21. Rxe8+ Rxe8 22. Kd2 Kf8 23. b4 Ke7 24. b5 c5 25. Rc4 Rc8 26. Rf4 Rc7 27. c4 Kd6 28. a5 b6 29. a6 Re7 30. Rf5 h6 31. Nf3 Ng4 32. Rf4 Nf6 33. g4 Kc7 34. d4 Nd7 35. h5 g5 36. hxg6 fxg6 37. dxc5 bxc5 38. Kd3 Kd6 39. Nd2 Re1 40. Kc2 Rg1 41. Ne4+ Ke5 42. Rf7 Ke6 43. Rg7 g5 44. Rh7 Rf1 45. Rxh6+ Ke5 46. Rh7 Nb6 47. Nd2 Rf2 48. Kd3 1-0

[Event "15. European Team Championship"]
[Site "?"]
[Date "2005.08.03"]
[Round "5.9"]
[White "Almasi Zoltan"]
[Black "Nielsen Peter Heine"]
[Result "1/2-1/2"]
[WhiteElo "2619"]
[BlackElo "2668"]
[PlyCount "51"]
[EventDate "2005.??.??"]
[Source "www.chesslib.no"]
[SourceDate "2004.05.04"]

1. e4 e5 2. Nf3 Nf6 3. Nxe5 d6 4. Nf3 Nxe4 5. Nc3 Nxc3 6. dxc3 Be7 7. Bf4 Nc6 8. Qd2 Bg4 9. O-O-O Qd7 10. Re1 a6 11. Bc4 Be6 12. Bd5 Bxd5 13. Qxd5 O-O-O 14. Re4 Bf6 15. Bg5 Bxg5+ 16. Nxg5 Rdf8 17. Rhe1 h6 18. Nf3 Re8 19. h3 Rxe4 20. Qxe4 Kd8 21. Nd4 Nxd4 22. cxd4 Re8 23. Qxe8+ Qxe8 24. Rxe8+ Kxe8 25. Kd2 Ke7 26. Ke3 1/2-1/2

[Event "BL 0607 OSC Baden Baden - SF Katernberg"]
[Site "Germania"]
[Date "2007.02.25"]
[Round "11.2"]
[White "Nisipeanu, Liviu-Dieter"]
[Black "Erenburg, Sergey"]
[Result "1/2-1/2"]
[WhiteElo "2690"]
[BlackElo "2582"]
[PlyCount "58"]
[EventDate "2006.10.28"]
[Source "www.chesslib.no"]
[SourceDate "2004.05.04"]

1. e4 e5 2. Nf3 Nf6 3. Nxe5 d6 4. Nf3 Nxe4 5. Nc3 Nxc3 6. dxc3 Be7 7. Be3 Nc6 8. Qd2 Be6 9. O-O-O Qd7 10. Kb1 a6 11. h4 h6 12. Bd3 Ne5 13. Nxe5 dxe5 14. Qe2 O-O-O 15. f3 h5 16. Bf2 Qa4 17. c4 Bf6 18. b3 Qa5 19. Be4 Qc3 20. Be3 Rxd1+ 21. Rxd1 Rd8 22. Rxd8+ Bxd8 23. Bd2 Qd4 24. Qe1 Bxh4 25. Qxh4 Qxd2 26. Qxh5 Qd1+ 27. Kb2 Qd4+ 28. Kb1 Qd1+ 29. Kb2 Qd4+ 1/2-1/2

[Event "It (Men) Cuernavaca MEX"]
[Site "?"]
[Date "2006.02.08"]
[Round "6"]
[White "Cheparinov Ivan"]
[Black "Dominguez Lenier"]
[Result "1/2-1/2"]
[WhiteElo "2625"]
[BlackElo "2638"]
[PlyCount "107"]
[EventDate "2006.??.??"]
[Source "www.chesslib.no"]
[SourceDate "2004.05.04"]

1. e4 e5 2. Nf3 Nf6 3. Nxe5 d6 4. Nf3 Nxe4 5. Nc3 Nxc3 6. dxc3 Be7 7. Bf4 O-O 8. Qd2 Nd7 9. O-O-O Nc5 10. h4 c6 11. Bxd6 Qxd6 12. Qxd6 Bxd6 13. Rxd6 Ne4 14. Rd4 Nxf2 15. Rg1 Ng4 16. Bc4 Bf5 17. Bd3 Bxd3 18. cxd3 Nf6 19. Kd2 Rfd8 20. a4 Ne8 21. Re1 Rxd4 22. Nxd4 Kf8 23. a5 Nc7 24. b4 Rd8 25. Re5 Rd6 26. g4 Ne6 27. Nxe6+ fxe6 28. Ke3 Ke7 29. c4 Rd8 30. b5 a6 31. bxa6 bxa6 32. Rg5 g6 33. h5 Rg8 34. d4 Kd6 35. Ke4 Rg7 36. Ke3 Rg8 37. Kf4 Rg7 38. Kg3 Ke7 39. hxg6 h6 40. Re5 Rxg6 41. Kh4 Kd6 42. c5+ Ke7 43. Re1 Rg5 44. Rb1 Rd5 45. Rb7+ Kf6 46. Rb6 Rxd4 47. Rxa6 Ra4 48. Rxc6 Rxa5 49. Rc8 Ra3 50. c6 Rc3 51. c7 Kg7 52. Re8 Rxc7 53. Rxe6 Rc3 54. Ra6 1/2-1/2

[Event "VIII Torneo Karpov"]
[Site "Poikovsky RUS"]
[Date "2007.03.18"]
[Round "4"]
[White "Istratescu, A."]
[Black "Zhang Pengxiang"]
[Result "1/2-1/2"]
[WhiteElo "2619"]
[BlackElo "2643"]
[PlyCount "34"]
[EventDate "2007.03.15"]
[Source "www.chesslib.no"]
[SourceDate "2004.05.04"]

1. e4 e5 2. Nf3 Nf6 3. Nxe5 d6 4. Nf3 Nxe4 5. Nc3 Nf6 6. d4 Be7 7. h3 O-O 8. Bd3 b6 9. O-O Bb7 10. Re1 Nbd7 11. Bf4 Re8 12. Bc4 a6 13. a4 Bf8 14. Rxe8 Qxe8 15. Ba2 Qd8 16. Qd3 d5 17. Rd1 a5 1/2-1/2

[Event "Kallithea 85/287"]
[Site "?"]
[Date "2002.??.??"]
[Round "?"]
[White "Khalifman, A."]
[Black "Atalik, S."]
[Result "1-0"]
[WhiteElo "2690"]
[BlackElo "2551"]
[PlyCount "59"]
[EventDate "2002.??.??"]
[Source "Chess Informant"]
[SourceDate "2002.06.01"]

1. e4 e5 2. Nf3 Nf6 3. Nxe5 d6 4. Nf3 Nxe4 5. Nc3 Nxc3 6. dxc3 Be7 7. Bf4 Nd7 8. Qd2 Nc5 9. O-O-O Bg4 10. Be2 O-O 11. h3 Bh5 12. g4 Bg6 13. h4 Re8 14. h5 Be4 15. Rhg1 Ne6 16. Be3 c5 17. g5 d5 18. g6 hxg6 19. hxg6 fxg6 20. Ne5 Bf6 21. Ng4 d4 22. Bc4 dxc3 23. Qe2 Qb6 24. Nxf6+ gxf6 25. bxc3 Qc7 26. Qg4 Qe5 27. Rd5 Qxc3 28. Qxe4 Qa1+ 29. Kd2 Qxg1 30. Rd7 1-0